<?xml version="1.0" encoding="UTF-8"?>
<record
    xmlns:xsi="http://www.w3.org/2001/XMLSchema-instance"
    xsi:schemaLocation="http://www.loc.gov/MARC21/slim http://www.loc.gov/standards/marcxml/schema/MARC21slim.xsd"
    xmlns="http://www.loc.gov/MARC21/slim">

  <leader>04426nam a2200457 a 4500</leader>
  <controlfield tag="001">dia_1995</controlfield>
  <controlfield tag="003">CHAP</controlfield>
  <controlfield tag="005">20230706134922.0</controlfield>
  <controlfield tag="007">ta</controlfield>
  <controlfield tag="008">220117s1974    mx ado fr     101 0 spa d</controlfield>
  <datafield tag="010" ind1=" " ind2=" ">
    <subfield code="a">172532</subfield>
  </datafield>
  <datafield tag="040" ind1=" " ind2=" ">
    <subfield code="c">CHAP</subfield>
    <subfield code="a">mxchpua</subfield>
  </datafield>
  <datafield tag="050" ind1="1" ind2="0">
    <subfield code="a">TS156</subfield>
    <subfield code="b">.C66 1974</subfield>
  </datafield>
  <datafield tag="082" ind1="0" ind2="0">
    <subfield code="a">634.3</subfield>
    <subfield code="b">C66 1974</subfield>
    <subfield code="2">20</subfield>
  </datafield>
  <datafield tag="111" ind1="1" ind2=" ">
    <subfield code="a">Congreso Nacional de Control de Calidad</subfield>
    <subfield code="9">187526</subfield>
    <subfield code="n">(2&#xB0; :</subfield>
    <subfield code="d">1974 oct 21-25 :</subfield>
    <subfield code="c">Cd. de M&#xE9;xico)</subfield>
  </datafield>
  <datafield tag="245" ind1="1" ind2="0">
    <subfield code="a">Conferencias /</subfield>
    <subfield code="c">Congreso Nacional de Control de Calidad ; organizado por Instituto Mexicano de Control de Calidad, 21-25 octubre 1974 en Ciudad de M&#xE9;xico</subfield>
  </datafield>
  <datafield tag="250" ind1=" " ind2=" ">
    <subfield code="a">1a edici&#xF3;n</subfield>
  </datafield>
  <datafield tag="264" ind1=" " ind2=" ">
    <subfield code="a">M&#xE9;xico :</subfield>
    <subfield code="b">Instituto Mexicano de Control de Calidad,</subfield>
    <subfield code="c">1974</subfield>
  </datafield>
  <datafield tag="300" ind1=" " ind2=" ">
    <subfield code="a">t. :</subfield>
    <subfield code="b">ilustraciones, gr&#xE1;ficas, diagramas, tablas, fotos</subfield>
  </datafield>
  <datafield tag="336" ind1=" " ind2=" ">
    <subfield code="a">texto</subfield>
    <subfield code="b">txt</subfield>
    <subfield code="2">rdacontent</subfield>
  </datafield>
  <datafield tag="337" ind1=" " ind2=" ">
    <subfield code="a">sin medio</subfield>
    <subfield code="b">n</subfield>
    <subfield code="2">rdamedia</subfield>
  </datafield>
  <datafield tag="338" ind1=" " ind2=" ">
    <subfield code="a">volumen</subfield>
    <subfield code="b">nc</subfield>
    <subfield code="2">rdacarrier</subfield>
  </datafield>
  <datafield tag="500" ind1=" " ind2=" ">
    <subfield code="a">La biblioteca tiene el t. 2</subfield>
  </datafield>
  <datafield tag="504" ind1=" " ind2=" ">
    <subfield code="a">Incluye bibliograf&#xED;as</subfield>
  </datafield>
  <datafield tag="505" ind1=" " ind2=" ">
    <subfield code="a">Tomo 2 --</subfield>
    <subfield code="g">15.</subfield>
    <subfield code="t">Control de calidad en los servicios /</subfield>
    <subfield code="r">Jos&#xE9; Francisco Gonz&#xE1;lez Prado (Instituto Mexicano de Control de Calidad, A.C.) --</subfield>
    <subfield code="g">16.</subfield>
    <subfield code="t">El problema de la calidad y los servicios entre las industrias mediana y peque&#xF1;a y el consumidor /</subfield>
    <subfield code="r">Manuel Pardo-Salas Vilchis (Instituto Mexicano del Petr&#xF3;leo) --</subfield>
    <subfield code="g">17.</subfield>
    <subfield code="t">Es indispensable normalizar la calidad del aire /</subfield>
    <subfield code="r">Francisco Escalante Mart&#xED;nez (Servicios de Control Ambiental de M&#xE9;xico, S.A.) --</subfield>
    <subfield code="g">18.</subfield>
    <subfield code="t">Algunas posibilidades para el mejoramiento de los servicios tecnol&#xF3;gicos de laboratorio /</subfield>
    <subfield code="r">Jos&#xE9; Rangel S&#xE1;nchez (Comisi&#xF3;n Nacional de Ciencia y Tecnolog&#xED;a) --</subfield>
    <subfield code="g">19.</subfield>
    <subfield code="t">Creaci&#xF3;n del Comit&#xE9; UPADI de Energ&#xE9;ticos, como base de un esfuerzo conjunto de los pa&#xED;ses de Am&#xE9;rica, hacia su desarrollo socioecon&#xF3;mico m&#xE1;s equilibrado /</subfield>
    <subfield code="r">Carlos E. Cervantes de Gortari (Comit&#xE9; Nacional Mexicano para la Conferencia Mundial de la Energ&#xED;a) --</subfield>
    <subfield code="g">20.</subfield>
    <subfield code="t">Equipo com&#xFA;n de comprobaci&#xF3;n dimensional por atributos /</subfield>
    <subfield code="r">Rub&#xE9;n &#xC1;vila Espinosa (Ford Motor Co., S.A.) --</subfield>
    <subfield code="g">21.</subfield>
    <subfield code="t">El control de calidad en la industria hotelera /</subfield>
    <subfield code="r">Miguel Espejel Romero (Nacional Hotelera, S.A.) --</subfield>
    <subfield code="g">22.</subfield>
    <subfield code="t">Laboratorio de instrumentaci&#xF3;n del C.I.D.E.T. /</subfield>
    <subfield code="r">Jos&#xE9; de Jes&#xFA;s Mendoza Pi&#xF1;a y Rogelio Ortega Nieto (Centro de Investigaci&#xF3;n y Desarrollo de Telecomunicaciones) --</subfield>
    <subfield code="g">23.</subfield>
    <subfield code="t">Calidad en los servicios de reclutamiento y selecci&#xF3;n /</subfield>
    <subfield code="r">Guillermo B. Sander Moreno (Compar de M&#xE9;xico, S.A.) --</subfield>
    <subfield code="g">24.</subfield>
    <subfield code="t">Control de calidad integral /</subfield>
    <subfield code="r">Guillermo Rodarte Hoyo (Altos Hornos de M&#xE9;xico, S.A.) --</subfield>
    <subfield code="g">25.</subfield>
    <subfield code="t">Estudio previo para la consolidaci&#xF3;n de las unidades metrol&#xF3;gicas /</subfield>
    <subfield code="r">Carlos Romero Ortega (Comisi&#xF3;n Nacional de Ciencia y Tecnolog&#xED;a) --</subfield>
    <subfield code="g">26.</subfield>
    <subfield code="t">Administraci&#xF3;n del control de calidad en empresas medianas y peque&#xF1;as /</subfield>
    <subfield code="r">Juan Ram&#xED;rez Baltazar (Ascania, S.A.) --</subfield>
    <subfield code="g">27.</subfield>
    <subfield code="t">Capacitaci&#xF3;n y entrenamiento de inspectores para fruta fresca /</subfield>
    <subfield code="r">Heriberto Barrera Ben&#xED;tez (Comisi&#xF3;n Nacional de Fruticultura) --</subfield>
    <subfield code="g">28.</subfield>
    <subfield code="t">Suplemento asistencial a los infantes /</subfield>
    <subfield code="r">Jos&#xE9; Luis P&#xE9;rez Guti&#xE9;rrez (Instituto Nacional de Protecci&#xF3;n a la Infancia) --</subfield>
    <subfield code="g">29.</subfield>
    <subfield code="t">La planaci&#xF3;n a nivel t&#xE1;ctico en control de calidad /</subfield>
    <subfield code="r">Alfredo &#xC1;lvarez Bobadilla --</subfield>
    <subfield code="g">30.</subfield>
    <subfield code="t">Comentarios sobre la normalizaci&#xF3;n y la contaminaci&#xF3;n ambiental /</subfield>
    <subfield code="r">Edgar Ubbelohde R. (Confederaci&#xF3;n de C&#xE1;maras Industriales de los Estado Unidos Mexicanos) --</subfield>
    <subfield code="g">31.</subfield>
    <subfield code="t">Control de calidad en los servicios de restaurantes /</subfield>
    <subfield code="r">Antonio Gonz&#xE1;lez Puga (Denny's Polanco) --</subfield>
    <subfield code="g">32.</subfield>
    <subfield code="t">Control de calidad del ruido y vibraci&#xF3;n de productos manufacturados /</subfield>
    <subfield code="r">Carl Johan Christensen (Instrumentaci&#xF3;n, S.A. de C.V.) --</subfield>
    <subfield code="g">33.</subfield>
    <subfield code="t">Los pron&#xF3;sticos tecnol&#xF3;gicos en los problemas de energ&#xED;a y medio ambiente /</subfield>
    <subfield code="r">Gerardo Baz&#xE1;n Navarrete (Petr&#xF3;leos Mexicanos) </subfield>
  </datafield>
  <datafield tag="650" ind1="1" ind2="3">
    <subfield code="a">Control de calidad  </subfield>
    <subfield code="9">147085</subfield>
    <subfield code="x">Congresos, conferencias, etc.</subfield>
  </datafield>
  <datafield tag="650" ind1="1" ind2="7">
    <subfield code="a">Servicios</subfield>
    <subfield code="9">105327</subfield>
    <subfield code="x">Control de calidad</subfield>
  </datafield>
  <datafield tag="650" ind1="1" ind2="3">
    <subfield code="a">Calidad del producto  </subfield>
    <subfield code="9">148310</subfield>
  </datafield>
  <datafield tag="650" ind1="1" ind2="3">
    <subfield code="a">Calidad del procesamiento</subfield>
    <subfield code="9">187550</subfield>
  </datafield>
  <datafield tag="650" ind1="1" ind2="3">
    <subfield code="a">Calidad ambiental</subfield>
    <subfield code="9">187556</subfield>
  </datafield>
  <datafield tag="650" ind1="1" ind2="3">
    <subfield code="a">Quality control</subfield>
    <subfield code="9">152763</subfield>
    <subfield code="x">Congresses</subfield>
  </datafield>
  <datafield tag="650" ind1="1" ind2="3">
    <subfield code="a">Utilities</subfield>
    <subfield code="9">187549</subfield>
    <subfield code="x">Quality control</subfield>
  </datafield>
  <datafield tag="650" ind1="1" ind2="3">
    <subfield code="a">Product quality</subfield>
    <subfield code="9">148311</subfield>
  </datafield>
  <datafield tag="650" ind1="1" ind2="3">
    <subfield code="a">Processing quality</subfield>
    <subfield code="9">187552</subfield>
  </datafield>
  <datafield tag="650" ind1="1" ind2="3">
    <subfield code="a">Environmental quality</subfield>
    <subfield code="9">187557</subfield>
  </datafield>
  <datafield tag="711" ind1="1" ind2=" ">
    <subfield code="9">187526</subfield>
    <subfield code="a">Congreso Nacional de Control de Calidad</subfield>
    <subfield code="n">(2&#xB0; :</subfield>
    <subfield code="d">1974 oct 21-25 :</subfield>
    <subfield code="c">Cd. de M&#xE9;xico)</subfield>
  </datafield>
  <datafield tag="901" ind1=" " ind2=" ">
    <subfield code="a">634.3 M3 1996</subfield>
  </datafield>
  <datafield tag="902" ind1=" " ind2=" ">
    <subfield code="a">M</subfield>
  </datafield>
  <datafield tag="905" ind1=" " ind2=" ">
    <subfield code="a">0000001996                          mx X   0000000000spa00</subfield>
  </datafield>
  <datafield tag="942" ind1=" " ind2=" ">
    <subfield code="c">LIBRO</subfield>
    <subfield code="2">ddc</subfield>
  </datafield>
  <datafield tag="999" ind1=" " ind2=" ">
    <subfield code="c">172532</subfield>
    <subfield code="d">172532</subfield>
  </datafield>
  <datafield tag="952" ind1=" " ind2=" ">
    <subfield code="0">0</subfield>
    <subfield code="1">0</subfield>
    <subfield code="2">ddc</subfield>
    <subfield code="4">0</subfield>
    <subfield code="5">1</subfield>
    <subfield code="7">0</subfield>
    <subfield code="8">GRAL</subfield>
    <subfield code="a">IA_</subfield>
    <subfield code="b">IA_</subfield>
    <subfield code="d">2022-01-19</subfield>
    <subfield code="e">Donaci&#xF3;n</subfield>
    <subfield code="h">Tomo: 2</subfield>
    <subfield code="i">Donaci&#xF3;n</subfield>
    <subfield code="l">0</subfield>
    <subfield code="o">634.3 C66 1974 T.2</subfield>
    <subfield code="p">1102014894</subfield>
    <subfield code="r">2022-01-18 00:00:00</subfield>
    <subfield code="t">Ej. 1</subfield>
    <subfield code="w">2022-01-18</subfield>
    <subfield code="y">LIBRO</subfield>
  </datafield>
</record>
